| 000 | 00405nam a2200145Ia 4500 | ||
|---|---|---|---|
| 008 | 230917s9999||||xx |||||||||||||| ||und|| | ||
| 040 |
_e160747 _aMAIN |
||
| 041 | _aEnglish | ||
| 082 | _a005.1 G41S | ||
| 100 | _aGill,Nasib singh | ||
| 245 | 0 | _aSoftware Engineering: Software Reliability,testing and quality assurance | |
| 260 |
_aNew Delhi _bKhanna book Pub. _c2002 |
||
| 300 | _a622p p. | ||
| 942 | _cBK | ||
| 999 |
_c117941 _d117941 |
||